Razdelenije s pomoščju affinnoj chromatografii lipoproteinov čeloveka s očeň nizkoj i nizkoj plotnosťju, podavľjajuščich gemagljutinaciju virusom Sindbis ; L. Seganti, P. Mastromarino, A. De Stasio, L. Sinibaldi, Valenti P., N. Orsi

Podrobná bibliografia
Hlavní autori: Seganti, L. (Autor), Mastromarino, P. (Autor), De Stasio, A. (Autor), Sinibaldi, L. (Autor), Valenti P. (Autor), Orsi, N. (Autor)
Médium: Článok
Jazyk:ruština
Fyzický popis:Obr. 1. Tb. 1.
Predmet:

MARC

LEADER 00000nab a2200000 a 4500
001 vtls000092380
003 SK-MaSNL
005 20260319073616.0
008 140430c1980 xo 0 rus
015 |a SNBRB19rr/mm-uuuuu 
035 |a CL0102483 
040 |a SNKBUCL  |b slo  |c SNKBUCL  |e AACR2 
041 0 |a rus 
044 |a xo  |c SK 
080 |a 616.9  |2 1981 
080 |a 578  |2 1981 
080 |a 577  |2 1981 
245 0 0 |a Razdelenije s pomoščju affinnoj chromatografii lipoproteinov čeloveka s očeň nizkoj i nizkoj plotnosťju, podavľjajuščich gemagljutinaciju virusom Sindbis ; L. Seganti, P. Mastromarino, A. De Stasio, L. Sinibaldi, Valenti P., N. Orsi 
300 |b Obr. 1. Tb. 1. 
650 0 7 |a vírusy Sindbis  |2 snkbucl  |9 933443 
650 0 7 |a lipoproteíny  |2 snkbucl  |9 414466 
655 7 |a články z novín a časopisov  |2 snkbucl  |9 267496 
700 1 |a Seganti, L.  |4 aut  |9 970218 
700 1 |a Mastromarino, P.  |4 aut  |9 1003976 
700 1 |a De Stasio, A.  |4 aut  |9 1003977 
700 1 |a Sinibaldi, L.  |4 aut  |9 1003978 
700 1 |a Valenti P.  |4 aut  |9 1003979 
700 1 |a Orsi, N.  |4 aut  |9 970221 
773 0 |t Acta virologica  |g Roč. 24, č. 5 (1980), s. 311-316 
850 |a Slovenská národná knižnica v Martine  |a MTA001 
852 |a SNK  |b KIS3GCP 
958 |a RK 
992 |a RBX 
999 |c 1627635  |d 1629565